| 000 | 00513nam a2200157Ia 4500 | ||
|---|---|---|---|
| 008 | 231217s9999 xx 000 0 und d | ||
| 041 | _aEnglish | ||
| 082 | _a001.6424 WRI.2;1 R | ||
| 100 | _aWright, Gary R Stevens, W Richard Kernighan, Brain W ed | ||
| 245 | 0 | _aTCP/IP illustrated V.2 : the implementation | |
| 260 |
_c1996 _bPearson Education (Singapore) _aNew Delhi |
||
| 300 | _axxii+1174 | ||
| 400 | _aAddison-wesley professional computing series | ||
| 650 | _aTCP/IP,illustrated,V.2,: | ||
| 942 | _cAA | ||
| 999 |
_c174305 _d174305 |
||